| 000 | 00785nam a2200217 a 4500 | ||
|---|---|---|---|
| 001 | 000043871 | ||
| 005 | 20201002045021.0 | ||
| 008 | 140507s1979 sp 000 0 spa d | ||
| 020 | _a8433540041 | ||
| 040 |
_aDO-SdBNP _bspa _cBNPHU |
||
| 041 | 1 | 7 |
_aspa _heng |
| 082 |
_axxxx _bxxxx |
||
| 100 | 1 |
_aMounin, Georges _961123 |
|
| 240 | 1 | 0 |
_aDictionnaire de linguistique _lEspañol |
| 245 | 1 | 0 |
_aDiccionario de lingüística / _cdirigido por Georges Mounin ; traductor, Ricardo Pochtar ; adaptador, Eugenio Martínez Celdrán. |
| 260 |
_aBarcelona : _bLabor, _c1979. |
||
| 300 |
_axxxix, 249 p. ; _c20 cm. |
||
| 500 | _aIncluye referencias bibliográficas y notas al pie de las páginas | ||
| 700 | 1 | 2 |
_aPochtar, Ricardo, _d1942- _971750 |
| 700 | 1 | 2 |
_aMartínez Celdrán, Eugenio _etr. _971751 |
| 999 |
_c43360 _d43360 |
||